[Event "40th Olympiad Open"]
[Site "Istanbul TUR"]
[Date "2012.08.28"]
[Round "1.58"]
[Board "2"]
[White "Espirito Santo, Silverio"]
[Black "Djuraev, Sokhib"]
[Result "0-1"]
[BlackTitle "FM"]
[WhiteElo "1831"]
[BlackElo "2354"]
[WhiteTeam "Sao Tome And Principe"]
[BlackTeam "Tajikistan"]
[WhiteFideId "14306336"]
[BlackFideId "14201690"]
[EventDate "2012.08.28"]

1. d4 d6 2. c4 e5 3. dxe5 dxe5 4. Qxd8+ Kxd8 5. Nc3 Be6 6. e3 Nd7 7. Nf3 f6 8.
Be2 c6 9. b3 Kc7 10. Bb2 Nh6 11. h3 a5 12. O-O-O Nc5 13. g4 Nf7 14. Nd2 a4 15.
Nde4 axb3 16. Nxc5 Bxc5 17. axb3 Nd6 18. Bf3 Bf7 19. Ne4 Nxe4 20. Bxe4 Bg6 21.
Bxg6 hxg6 22. h4 Rad8 23. h5 Rxd1+ 24. Kxd1 Kd6 25. Kc2 Ke6 26. Kc3 gxh5 27. b4
Bf8 28. f4 g6 29. c5 Bg7 30. gxh5 gxh5 31. fxe5 f5 32. Kc4 Bxe5 33. Bd4 h4 34.
Rh3 Rh7 35. Bc3 Bxc3 36. Kxc3 Kf6 37. Kd3 Kg5 38. Ke2 Kg4 39. Rh1 h3 40. Rg1+
Kh4 41. Rh1 Rg7 42. Kf3 Rg4 43. Rh2 Rxb4 44. Rc2 Rb1 45. Rc4+ Kg5 46. Kg3 Re1
47. Rc3 Rxe3+ 48. Rxe3 f4+ 49. Kxh3 fxe3 50. Kg3 e2 51. Kf2 Kf4 52. Kxe2 Ke5 0-1

[Event "40th Olympiad Open"]
[Site "Istanbul TUR"]
[Date "2012.08.28"]
[Round "1.58"]
[Board "3"]
[White "Isaev, Jamshed"]
[Black "Lima, Osvaldo Dos Santos"]
[Result "1-0"]
[WhiteTitle "IM"]
[WhiteElo "2357"]
[BlackElo "1719"]
[WhiteTeam "Tajikistan"]
[BlackTeam "Sao Tome And Principe"]
[WhiteFideId "14700050"]
[BlackFideId "14306352"]
[EventDate "2012.08.28"]

1. e4 e5 2. Nf3 Nc6 3. Bb5 a6 4. Ba4 d6 5. Bxc6+ bxc6 6. d4 exd4 7. Qxd4 Qf6 8.
Qa4 Bd7 9. Nc3 Qg6 10. O-O Be7 11. Bf4 Nh6 12. Rad1 O-O 13. e5 Rfd8 14. Rfe1 d5
15. e6 fxe6 16. Ne5 Qe8 17. Nxd7 Qxd7 18. Bxh6 gxh6 19. Qg4+ Kf7 20. Rd3 Rg8 21.
Qf4+ Bf6 22. Qxh6 Rg7 23. Ne4 Qe7 24. Ng3 Bg5 25. Qh5+ Kg8 26. Nf5 exf5 27. Rxe7
Bxe7 28. Qxf5 Bd6 29. Re3 Rf8 30. Qh5 Bc5 31. Re2 Rgf7 32. Qg5+ Kh8 33. Qe5+ Kg8
34. Qg3+ Kh8 35. Qc3+ 1-0

[Event "40th Olympiad Open"]
[Site "Istanbul TUR"]
[Date "2012.08.28"]
[Round "1.59"]
[Board "1"]
[White "Eichab, Charles"]
[Black "Ly, Moulthun"]
[Result "0-1"]
[WhiteTitle "CM"]
[BlackTitle "IM"]
[WhiteElo "2034"]
[BlackElo "2397"]
[WhiteTeam "Namibia"]
[BlackTeam "Australia"]
[WhiteFideId "15200051"]
[BlackFideId "3204405"]
[EventDate "2012.08.28"]

1. Nf3 d5 2. d4 Nf6 3. e3 c5 4. dxc5 Qa5+ 5. c3 Qxc5 6. b4 Qc7 7. Bb2 e5 8. Nbd2
Bd6 9. h3 Nc6 10. a3 O-O 11. c4 d4 12. c5 dxe3 13. cxd6 exd2+ 14. Qxd2 Qb6 15.
b5 Ne4 16. Qe3 Qa5+ 17. Nd2 Nxd2 18. Qxd2 Qxd2+ 19. Kxd2 Nd4 20. Re1 Rd8 21.
Bxd4 Rxd6 22. Rxe5 Rxd4+ 23. Kc3 Rd8 24. Bc4 Be6 25. Bxe6 fxe6 26. Rc5 Rd7 27.
Re1 Kf7 28. Re3 Rad8 29. h4 Kf6 30. Rg5 Rc8+ 31. Kb3 g6 32. Rf3+ Ke7 33. Re3 Rf8
34. Rge5 Rd6 35. f3 Rf5 36. a4 Kf6 37. R5e4 Rfd5 38. Kc3 Rd1 39. Re1 R1d3+ 40.
Kc4 Ra3 41. Kc5 Rad3 42. Kc4 Ra3 43. Kc5 Ke7 44. h5 gxh5 45. Re5 Rxa4 0-1

[Event "40th Olympiad Open"]
[Site "Istanbul TUR"]
[Date "2012.08.28"]
[Round "1.59"]
[Board "2"]
[White "Wohl, Aleksandar H."]
[Black "Mueller, Leonhard"]
[Result "0-1"]
[WhiteTitle "IM"]
[BlackTitle "FM"]
[WhiteElo "2411"]
[BlackElo "2166"]
[WhiteTeam "Australia"]
[BlackTeam "Namibia"]
[WhiteFideId "3200345"]
[BlackFideId "15200019"]
[EventDate "2012.08.28"]

1. e4 c5 2. Nf3 d6 3. c3 Nf6 4. Be2 g6 5. O-O Bg7 6. Bb5+ Bd7 7. Bxd7+ Nfxd7 8.
d4 O-O 9. Be3 Na6 10. Nbd2 cxd4 11. cxd4 d5 12. e5 Nb6 13. Qb3 Qd7 14. a4 Rac8
15. Qa3 Nc4 16. Nxc4 Rxc4 17. b3 Rc3 18. Bd2 Rc2 19. b4 Rfc8 20. b5 Nc7 21. Bb4
Bf8 22. Rac1 Ne6 23. g3 R8c4 24. Rxc2 Rxc2 25. Rc1 Rxc1+ 26. Qxc1 a6 27. bxa6
bxa6 28. Qa3 Qc7 29. Bc5 Qb7 30. Bb4 Qc7 31. a5 h6 32. Bc5 Qb7 33. Bb6 Nc7 34.
Bxc7 Qxc7 35. e6 Bg7 36. Qc5 Qb7 37. Qb6 Qc8 38. exf7+ Kxf7 39. h4 Bf6 40. Kg2
Kg7 41. Ne5 Qf5 42. Qxa6 Qe4+ 43. Nf3 g5 44. hxg5 hxg5 45. Qf1 g4 0-1

[Event "40th Olympiad Open"]
[Site "Istanbul TUR"]
[Date "2012.08.28"]
[Round "1.59"]
[Board "3"]
[White "Nakapunda, Otto"]
[Black "Solomon, Stephen J."]
[Result "0-1"]
[WhiteTitle "CM"]
[BlackTitle "IM"]
[WhiteElo "2021"]
[BlackElo "2378"]
[WhiteTeam "Namibia"]
[BlackTeam "Australia"]
[WhiteFideId "15200027"]
[BlackFideId "3200043"]
[EventDate "2012.08.28"]

1. d4 d5 2. c4 e6 3. Nc3 Nf6 4. Nf3 Be7 5. e3 O-O 6. Bd3 dxc4 7. Bxc4 a6 8. O-O
b5 9. Bd3 Bb7 10. Qe2 c5 11. dxc5 Bxc5 12. a3 Nbd7 13. e4 Rc8 14. Bg5 h6 15. Bh4
Qb6 16. Rac1 Nh5 17. Bb1 Nf4 18. Qc2 f5 19. Qd2 Ng6 20. exf5 Nxh4 21. Nxh4 Ne5
22. Ng6 Nxg6 23. fxg6 Bd4 24. Ne4 Rcd8 25. Qe2 e5 26. Nc3 Rd6 27. Kh1 Rxg6 28.
Bxg6 Qxg6 29. f3 h5 30. h3 Rf4 31. Qd2 Qb6 32. Rcd1 Rf8 33. Ne2 Be3 34. Qd7 Bc8
35. Qd5+ Qe6 36. Qxe6+ Bxe6 37. Nc3 Bc4 38. Rfe1 Bd4 39. Kh2 a5 40. Rd2 Kh7 41.
Ne4 b4 42. axb4 axb4 43. Rc1 Bd5 44. Rc7 Bxe4 45. fxe4 Rf4 46. Re2 Rf1 47. Rb7
Bg1+ 48. Kg3 Rd1 49. Rxb4 Rd3+ 50. Kh4 Kh6 0-1

[Event "40th Olympiad Open"]
[Site "Istanbul TUR"]
[Date "2012.08.28"]
[Round "1.60"]
[Board "1"]
[White "Dervishi, Erald"]
[Black "Liu, Yeh Yang"]
[Result "1-0"]
[WhiteTitle "GM"]
[WhiteElo "2538"]
[BlackElo "1883"]
[WhiteTeam "Albania"]
[BlackTeam "Chinese Taipei"]
[WhiteFideId "4700236"]
[BlackFideId "16300416"]
[EventDate "2012.08.28"]

1. e4 c5 2. Nf3 Nc6 3. d4 cxd4 4. Nxd4 e5 5. Nb5 d6 6. c4 Be7 7. Be2 Nf6 8. N1c3
a6 9. Na3 O-O 10. O-O Be6 11. Be3 Kh8 12. Rc1 Nd7 13. Qd2 Nc5 14. f3 f5 15. exf5
Bxf5 16. Nd5 Bf6 17. Nc2 a5 18. Rfd1 h6 19. Nxf6 Rxf6 20. Bf2 Rg6 21. Ne3 Bc8
22. Nd5 Qf8 23. Rc3 Bh3 24. Bf1 Rd8 25. Kh1 Bf5 26. b3 Rd7 27. a3 Rf7 28. Re1
Ne6 29. Bd3 Ncd4 30. Bxf5 Rxf5 31. Be3 Rh5 32. Qf2 Rf5 33. Bd2 Ng5 34. Bxg5
Rfxg5 35. Ne3 Qf4 36. b4 Rh5 37. Nf1 axb4 38. axb4 Rhg5 39. Re4 Qf5 40. Ne3 Qd7
41. h4 Rg3 42. Rg4 R3xg4 43. fxg4 Rf6 44. Qe1 Qf7 45. Ra3 Qg6 46. Qd1 Rf8 47. h5
Qg5 48. Qe1 Qf4 49. b5 Ne6 50. Kg1 Nc5 51. Qf1 Kg8 52. Qxf4 Rxf4 53. g3 Rd4 54.
Ra8+ Kf7 55. Rc8 Rd3 56. Rc7+ Kf8 57. Nf5 e4 58. Rxg7 Rf3 59. Rg6 e3 60. Rf6+ 1-0

[Event "40th Olympiad Open"]
[Site "Istanbul TUR"]
[Date "2012.08.28"]
[Round "1.60"]
[Board "4"]
[White "Shiau, Suen-Wen"]
[Black "Seitaj, Ilir"]
[Result "0-1"]
[BlackTitle "IM"]
[WhiteElo "1788"]
[BlackElo "2400"]
[WhiteTeam "Chinese Taipei"]
[BlackTeam "Albania"]
[WhiteFideId "16300211"]
[BlackFideId "4700031"]
[EventDate "2012.08.28"]

1. e4 e5 2. Nf3 Nc6 3. Nc3 Nf6 4. Bb5 Bb4 5. O-O d6 6. d3 Bxc3 7. bxc3 Bd7 8.
Bg5 h6 9. Bh4 Qe7 10. Re1 O-O-O 11. c4 g5 12. Bg3 a6 13. Ba4 h5 14. h4 Nh7 15.
Qd2 Rdg8 16. Bxc6 Bxc6 17. hxg5 Nxg5 18. Nh4 Bd7 19. Kf1 Nh7 20. Qe3 c5 21. Rab1
Rg4 22. Nf3 h4 23. Bh2 Ng5 24. Nxg5 Rxg5 25. g3 Bc6 26. Ke2 f5 27. exf5 Rxf5 28.
Kd1 Rf3 29. Qd2 Qf7 30. Re2 h3 31. Ke1 Qg6 32. Re3 Rf7 33. c3 Rhf8 34. Rb2 Rf3
35. Qe2 R8f7 36. Rc2 Rxe3 37. fxe3 Bf3 38. Qd2 Bg2 39. Qe2 Rf1+ 40. Kd2 Rh1 41.
Rc1 Rxh2 42. Qf2 Rh1 43. Rxh1 Bxh1 44. Qf8+ Kd7 45. Qf2 Bg2 46. g4 Qxg4 47. Qf7+
Kc8 48. Qe8+ Kc7 49. Qe7+ Qd7 50. Qh4 Kb8 51. d4 Ka7 52. Qh6 Qc7 53. d5 Qa5 54.
Qxd6 0-1

[Event "40th Olympiad Open"]
[Site "Istanbul TUR"]
[Date "2012.08.28"]
[Round "1.61"]
[Board "3"]
[White "Cecchetti, Roberto"]
[Black "Latorre, Manuel"]
[Result "0-1"]
[BlackTitle "FM"]
[WhiteElo "1910"]
[BlackElo "2303"]
[WhiteTeam "San Marino"]
[BlackTeam "Paraguay"]
[WhiteFideId "11800160"]
[BlackFideId "3700844"]
[EventDate "2012.08.28"]

1. d4 Nf6 2. Bf4 g6 3. e3 Bg7 4. Nf3 d6 5. h3 O-O 6. Be2 c5 7. c3 Be6 8. dxc5
dxc5 9. Qxd8 Rxd8 10. Nbd2 Nc6 11. O-O h6 12. Rfd1 Rac8 13. Kf1 Nd5 14. Bh2 Nb6
15. a4 Na5 16. Ke1 Bd7 17. Bb5 a6 18. Bxd7 Rxd7 19. Be5 Bxe5 20. Nxe5 Rd5 21.
Nef3 c4 22. e4 Rdc5 23. Nd4 Rd8 24. Nc2 Rc7 25. Ne3 Rcd7 26. Ke2 Rxd2+ 27. Ke1
Rxd1+ 28. Nxd1 Nd7 29. f3 Nc5 30. Nf2 Nab3 0-1

[Event "40th Olympiad Open"]
[Site "Istanbul TUR"]
[Date "2012.08.28"]
[Round "1.61"]
[Board "4"]
[White "Vazquez, Guillermo"]
[Black "Grassi, Enrico"]
[Result "1-0"]
[WhiteTitle "FM"]
[BlackTitle "CM"]
[WhiteElo "2323"]
[BlackElo "2027"]
[WhiteTeam "Paraguay"]
[BlackTeam "San Marino"]
[WhiteFideId "3702308"]
[BlackFideId "11800046"]
[EventDate "2012.08.28"]

1. e4 d5 2. exd5 Qxd5 3. Nc3 Qa5 4. Nf3 Nf6 5. d4 Bf5 6. Ne5 c6 7. g4 Bg6 8. h4
Nbd7 9. Nc4 Qc7 10. h5 Be4 11. Nxe4 Nxe4 12. Qf3 Nd6 13. Bf4 Nb6 14. Ne3 e6 15.
O-O-O Nd5 16. Be5 f6 17. Bg3 O-O-O 18. h6 Qf7 19. hxg7 Qxg7 20. c4 Nxe3 21. Qxe3
Re8 22. c5 Nf7 23. Qa3 e5 24. Qxa7 Nd8 25. dxe5 fxe5 26. g5 Qxg5+ 27. Kb1 Ne6
28. Qa8+ 1-0

[Event "40th Olympiad Open"]
[Site "Istanbul TUR"]
[Date "2012.08.28"]
[Round "1.62"]
[Board "2"]
[White "Pesqueira, Jose"]
[Black "Pereira, Ruben"]
[Result "0-1"]
[BlackTitle "IM"]
[WhiteElo "1986"]
[BlackElo "2417"]
[WhiteTeam "Aruba"]
[BlackTeam "Portugal"]
[WhiteFideId "15900037"]
[BlackFideId "1903063"]
[EventDate "2012.08.28"]

1. d4 Nf6 2. c4 g6 3. Nc3 Bg7 4. g3 O-O 5. Bg2 d6 6. Nf3 Nbd7 7. e4 e5 8. d5 a5
9. O-O Nc5 10. Qc2 b6 11. b3 Nh5 12. a3 f5 13. Bg5 Qe8 14. Be3 f4 15. Bd2 a4 16.
b4 Nb3 17. Rab1 Bg4 18. Qd3 Bh6 19. Be1 Qd7 20. Nd2 Bh3 21. f3 fxg3 22. hxg3
Nxg3 23. Nxb3 Nxf1 24. Qxf1 Bxg2 25. Qxg2 axb3 26. Rxb3 Be3+ 27. Kh1 g5 28. Ne2
Bf4 29. Nxf4 Rxf4 30. Qxg5+ Kh8 31. Qh5 Rg8 32. Bf2 Qg7 33. Qh3 Rh4 0-1

[Event "40th Olympiad Open"]
[Site "Istanbul TUR"]
[Date "2012.08.28"]
[Round "1.62"]
[Board "3"]
[White "Ferreira, Jorge Viterbo"]
[Black "De Mey, Juan Pablo"]
[Result "1/2-1/2"]
[WhiteTitle "FM"]
[WhiteElo "2338"]
[BlackElo "1882"]
[WhiteTeam "Portugal"]
[BlackTeam "Aruba"]
[WhiteFideId "1910850"]
[BlackFideId "15900312"]
[EventDate "2012.08.28"]

1. e4 c5 2. Nf3 a6 3. c3 e6 4. d4 d5 5. e5 Bd7 6. Be3 Nc6 7. dxc5 Qc7 8. Bd4 Nh6
9. Bd3 f6 10. Qe2 O-O-O 11. O-O Ng4 12. Re1 fxe5 13. Nxe5 Ngxe5 14. Bxe5 Nxe5
15. Qxe5 Qxe5 16. Rxe5 Bxc5 17. Nd2 Rdf8 18. Nf3 Rf4 19. Re2 Bd6 20. Ne5 Bxe5
21. Rxe5 Rhf8 22. f3 h6 23. Rae1 b5 24. Bg6 Kc7 25. R5e3 Kd6 26. Bh5 R4f6 27. h4
g6 28. Bg4 a5 29. a3 b4 30. axb4 axb4 31. Ra1 bxc3 32. Ra6+ Ke7 33. bxc3 Rc8 34.
Kf2 Rc6 35. Ra7 Kd6 36. Kg3 g5 37. hxg5 hxg5 38. Ra1 Rf4 39. Rae1 Ke7 40. Rd1
Kf6 41. Ra1 Rfc4 42. Ra3 R6c5 43. Kf2 Rc7 44. Ra6 R4c6 45. Rxc6 Rxc6 46. Rd3 Ke5
47. Re3+ Kd6 48. Kg3 Bc8 49. Bh3 1/2-1/2

[Event "40th Olympiad Open"]
[Site "Istanbul TUR"]
[Date "2012.08.28"]
[Round "1.64"]
[Board "1"]
[White "Al-Modiahki, Mohamad"]
[Black "Hernandez, Roberto PLW"]
[Result "1-0"]
[WhiteTitle "GM"]
[WhiteElo "2542"]
[BlackElo "1875"]
[WhiteTeam "Qatar"]
[BlackTeam "Palau"]
[WhiteFideId "12100030"]
[BlackFideId "16600010"]
[EventDate "2012.08.28"]

1. e4 d6 2. d4 g6 3. Nf3 Bg7 4. h3 Nf6 5. Bd3 O-O 6. O-O Nbd7 7. e5 dxe5 8. dxe5
Ne8 9. Qe2 e6 10. Bg5 f6 11. exf6 Ndxf6 12. Nc3 Nd6 13. Rad1 Qe8 14. Rfe1 Bd7
15. Ne5 Nd5 16. Nxd7 Qxd7 17. Ne4 b6 18. Nxd6 Qxd6 19. Be4 Qe5 20. c4 Qxg5 21.
cxd5 Rf4 22. dxe6 Raf8 23. e7 Rxf2 24. Qxf2 Rxf2 25. Bd5+ Kh8 26. Kxf2 Qf4+ 27.
Kg1 Bd4+ 28. Kh1 Kg7 29. e8=Q Kh6 30. Re4 1-0

[Event "40th Olympiad Open"]
[Site "Istanbul TUR"]
[Date "2012.08.28"]
[Round "1.64"]
[Board "3"]
[White "Nezad, Husein Aziz"]
[Black "Garcia, Bernardo"]
[Result "1-0"]
[WhiteTitle "IM"]
[WhiteElo "2393"]
[BlackElo "1663"]
[WhiteTeam "Qatar"]
[BlackTeam "Palau"]
[WhiteFideId "12100293"]
[BlackFideId "16600096"]
[EventDate "2012.08.28"]

1. Nf3 d5 2. d4 Nf6 3. c4 c6 4. Nc3 e6 5. Bg5 Be7 6. e3 O-O 7. Bd3 dxc4 8. Bxc4
Nd5 9. Bxe7 Nxc3 10. Bxd8 Nxd1 11. Be7 Nxb2 12. Bb3 Re8 13. Ba3 Nd3+ 14. Ke2
Nxf2 15. Kxf2 a5 16. Rhc1 Bd7 17. Ne5 f6 18. Nc4 a4 19. Bd1 b5 20. Nd6 Rd8 21.
Bf3 f5 22. Nxb5 Ra6 23. Nd6 g5 24. Nb7 Rc8 25. Nc5 Ra7 26. Rab1 Be8 27. Nxe6 g4
28. Be2 Bf7 1-0

[Event "40th Olympiad Open"]
[Site "Istanbul TUR"]
[Date "2012.08.28"]
[Round "1.66"]
[Board "1"]
[White "Megaranto, Susanto"]
[Black "Mesfin, Leykun"]
[Result "1-0"]
[WhiteTitle "GM"]
[WhiteElo "2529"]
[BlackElo "2115"]
[WhiteTeam "Indonesia"]
[BlackTeam "Ethiopia"]
[WhiteFideId "7101384"]
[BlackFideId "15700097"]
[EventDate "2012.08.28"]

1. e4 c5 2. Nf3 e6 3. d4 cxd4 4. Nxd4 a6 5. Bd3 Qc7 6. O-O Nf6 7. Qe2 Nc6 8.
Nxc6 dxc6 9. e5 Nd7 10. Bf4 Nc5 11. Nd2 Nxd3 12. Qxd3 Bd7 13. Ne4 f5 14. Nd6+
Bxd6 15. exd6 Qa5 16. b4 Qd5 17. Qc3 O-O 18. Rfd1 Qb5 19. a4 Qb6 20. Rd3 Qd8 21.
Rg3 Rf7 22. Be5 f4 23. Rg4 Qf8 24. Rd1 g6 25. Rd4 Rf5 26. Rdxf4 Qf7 27. h4 h5
28. Rg5 Rxf4 29. Bxf4 Rf8 30. Qd3 Kh7 31. Rxh5+ Kg8 32. Rg5 Kg7 33. h5 Rg8 34.
Rxg6+ Kf8 35. Rxg8+ Kxg8 36. Qg3+ Kh7 37. Qg5 Qg7 38. a5 Qa1+ 39. Kh2 Qg7 40.
Qxg7+ Kxg7 41. Be5+ Kh6 42. g4 Kg5 43. Kg3 Be8 44. Bg7 1-0

[Event "40th Olympiad Open"]
[Site "Istanbul TUR"]
[Date "2012.08.28"]
[Round "1.68"]
[Board "3"]
[White "Sanguinetti, Luis"]
[Black "Abrantes, Persson"]
[Result "1-0"]
[WhiteElo "2218"]
[BlackElo "1967"]
[WhiteTeam "Uruguay"]
[BlackTeam "Mozambique"]
[WhiteFideId "3002608"]
[BlackFideId "14800063"]
[EventDate "2012.08.28"]

1. d4 Nf6 2. c4 c5 3. d5 d6 4. Nc3 g6 5. e4 Bg7 6. Nge2 O-O 7. Ng3 Re8 8. Be2 e6
9. Bg5 h6 10. Be3 exd5 11. exd5 Nbd7 12. Qd2 Kh7 13. O-O Nb6 14. h3 a6 15. Bd3
Bd7 16. a4 Nc8 17. Kh1 Ne7 18. f4 Qc8 19. f5 Nxf5 20. Nxf5 Bxf5 21. Bxf5 gxf5
22. Rf4 Ne4 23. Nxe4 Rxe4 24. Raf1 Qe8 25. R1f3 Rxf4 26. Rxf4 Qxa4 27. Qd3 Qa1+
28. Rf1 Qxb2 29. Qxf5+ Kh8 30. Rb1 Qe2 31. Bf4 Qe7 32. Rb6 Qe1+ 33. Kh2 Bd4 34.
Rb1 Qf2 35. Qe4 Rg8 36. Bxd6 Qf6 37. Bf4 b6 38. Rd1 Qg7 39. d6 Bf6 40. d7 Bd8
41. Rd6 f6 42. Rd5 Qg6 43. Qe2 Kg7 44. Rd3 Kh7 45. Rg3 Qf7 46. Rxg8 Qxg8 47.
Qe4+ Kg7 48. Qe8 Kh7 49. Bd6 a5 50. Bf8 Bc7+ 51. Kg1 Qxc4 52. d8=Q Bxd8 53. Qxd8
Qd4+ 54. Qxd4 cxd4 55. Be7 Kg6 56. Bd8 b5 57. Bxa5 Kf5 58. Kf2 Ke4 59. Ke2 f5
60. Kd2 h5 61. h4 f4 62. Bb4 Kf5 63. Kd3 f3 64. gxf3 Kf4 65. Kxd4 Kxf3 66. Be7
Kf4 67. Kc5 Kf5 68. Kxb5 Kg6 69. Kc6 Kg7 70. Kd5 Kf7 71. Bg5 Kg6 72. Ke6 Kg7 73.
Kf5 Kh7 74. Ke4 1-0

[Event "40th Olympiad Open"]
[Site "Istanbul TUR"]
[Date "2012.08.28"]
[Round "1.68"]
[Board "4"]
[White "Cossa, Pedro Ventura"]
[Black "Ulaneo, Nicolas"]
[Result "1/2-1/2"]
[WhiteElo "1995"]
[BlackElo "2181"]
[WhiteTeam "Mozambique"]
[BlackTeam "Uruguay"]
[WhiteFideId "14800071"]
[BlackFideId "3001377"]
[EventDate "2012.08.28"]

1. e4 e6 2. Nf3 d5 3. exd5 exd5 4. d4 c5 5. Bb5+ Bd7 6. Bxd7+ Nxd7 7. O-O Ngf6
8. Nc3 Be7 9. dxc5 Nxc5 10. Bg5 Nce4 11. Nxe4 dxe4 12. Qxd8+ Rxd8 13. Nd2 h6 14.
Bxf6 Rxd2 15. Bxg7 Rh7 16. Bc3 Rxc2 17. Rac1 Rxc1 18. Rxc1 Bg5 19. Rd1 f5 20.
Kf1 Rd7 21. Rd4 Rxd4 22. Bxd4 a6 23. Ke2 Kd7 24. f3 Ke6 25. fxe4 fxe4 26. g4 Be7
27. Bg7 Bg5 28. b3 Kf7 29. Be5 Ke6 30. Bg7 Kf7 31. Be5 Ke6 32. Bg7 1/2-1/2

[Event "40th Olympiad Open"]
[Site "Istanbul TUR"]
[Date "2012.08.28"]
[Round "1.69"]
[Board "1"]
[White "Tarlabasi, Emirhan"]
[Black "Cori, Jorge"]
[Result "0-1"]
[BlackTitle "GM"]
[WhiteElo "1740"]
[BlackElo "2487"]
[WhiteTeam "Turkey 2023"]
[BlackTeam "Peru"]
[WhiteFideId "6350275"]
[BlackFideId "3802272"]
[EventDate "2012.08.28"]

1. d4 Nf6 2. c4 c6 3. Nc3 d5 4. e3 Nbd7 5. Nf3 e6 6. Bd3 Bb4 7. O-O O-O 8. a3
Bxc3 9. bxc3 Re8 10. cxd5 exd5 11. c4 Nf8 12. cxd5 cxd5 13. Ne5 Ng6 14. Nxg6
hxg6 15. f3 Bf5 16. Rb1 b6 17. Bxf5 gxf5 18. Qd3 Qd7 19. Bd2 g6 20. Rfc1 Rec8
21. Qb3 Ne8 22. a4 Qe6 23. Bb4 Rc4 24. Rxc4 dxc4 25. Qc3 Nf6 26. Re1 a5 27. Ba3
Rc8 28. Qc2 c3 29. e4 fxe4 30. fxe4 Qc4 31. Rd1 Re8 32. e5 Nd5 33. Rd3 Nb4 34.
Bxb4 axb4 35. d5 Rxe5 36. d6 Qc5+ 37. Kf1 Rf5+ 38. Ke1 Qg1+ 0-1

[Event "40th Olympiad Open"]
[Site "Istanbul TUR"]
[Date "2012.08.28"]
[Round "1.69"]
[Board "2"]
[White "Vera Siguenas, Deivy"]
[Black "Aydincelebi, Kagan"]
[Result "1-0"]
[WhiteTitle "FM"]
[WhiteElo "2359"]
[BlackElo "1659"]
[WhiteTeam "Peru"]
[BlackTeam "Turkey 2023"]
[WhiteFideId "3804623"]
[BlackFideId "6361102"]
[EventDate "2012.08.28"]

1. e4 c5 2. Nf3 Nc6 3. d4 cxd4 4. Nxd4 g6 5. Nc3 Bg7 6. Be3 Nf6 7. Bc4 O-O 8.
Bb3 d6 9. f3 Bd7 10. Qd2 Rc8 11. O-O-O Ne5 12. h4 Nc4 13. Bxc4 Rxc4 14. h5 Nxh5
15. g4 Nf6 16. Nde2 Re8 17. e5 Nxg4 18. fxg4 Bxg4 19. Rdg1 Bxe2 20. Qxe2 Qc7 21.
e6 Bxc3 22. exf7+ Kxf7 23. bxc3 Kg7 24. Qh5 Rh8 25. Bd4+ e5 26. Rxg6+ hxg6 27.
Qxh8+ Kf7 28. Rh7+ Ke6 29. Rh1 Kd5 1-0

[Event "40th Olympiad Open"]
[Site "Istanbul TUR"]
[Date "2012.08.28"]
[Round "1.69"]
[Board "3"]
[White "Ozenir, Ekin Baris"]
[Black "Leiva, Giuseppe"]
[Result "0-1"]
[BlackTitle "FM"]
[WhiteElo "1542"]
[BlackElo "2283"]
[WhiteTeam "Turkey 2023"]
[BlackTeam "Peru"]
[WhiteFideId "6357415"]
[BlackFideId "3804399"]
[EventDate "2012.08.28"]

1. d4 g6 2. c4 Bg7 3. Nc3 d6 4. e4 Nd7 5. Nf3 e5 6. d5 Ne7 7. h3 O-O 8. g4 h6 9.
Be3 f5 10. gxf5 gxf5 11. Qc2 Nf6 12. Bd3 f4 13. Bd2 Ng6 14. O-O-O Nh7 15. Rdg1
Ng5 16. Qd1 Nxf3 17. Qxf3 Kh7 18. h4 Rg8 19. h5 Ne7 20. Bf1 Bf6 21. Bh3 Bg5 22.
Nb1 Bxh3 23. Qxh3 Qc8 24. Qf3 Qd7 25. Bc3 Bf6 26. Na3 Rxg1+ 27. Rxg1 Rg8 28.
Rxg8 Nxg8 29. Qg2 Bg5 30. Kb1 Nf6 31. Qf3 a6 32. b3 Qg4 33. Qd3 f3 34. Nc2 Qxe4
35. Qd4 c6 0-1

[Event "40th Olympiad Open"]
[Site "Istanbul TUR"]
[Date "2012.08.28"]
[Round "1.71"]
[Board "1"]
[White "Adu, Oladapo"]
[Black "Solomon, Kenny"]
[Result "0-1"]
[WhiteTitle "IM"]
[BlackTitle "IM"]
[WhiteElo "2227"]
[BlackElo "2414"]
[WhiteTeam "Nigeria"]
[BlackTeam "South Africa"]
[WhiteFideId "8500258"]
[BlackFideId "14300192"]
[EventDate "2012.08.28"]

1. Nf3 Nf6 2. g3 d5 3. Bg2 c6 4. O-O Bg4 5. d3 Nbd7 6. Nbd2 e5 7. e4 dxe4 8.
dxe4 Bc5 9. h3 Bh5 10. Qe2 Qc7 11. a4 a5 12. Nc4 O-O 13. Bg5 Ne8 14. Rad1 f6 15.
Bd2 b6 16. g4 Bf7 17. Nh4 g6 18. Kh1 Nd6 19. Nxd6 Bxd6 20. b3 Nc5 21. Be3 Rfd8
22. Qf3 Qe7 23. Qg3 Bc7 24. Rg1 Rxd1 25. Rxd1 Rd8 26. Rg1 Ne6 27. Bf1 Nf4 28.
Ng2 g5 29. Qf3 Qb4 30. Bc1 Bg6 31. Bc4+ Kh8 32. c3 Qc5 33. Ne3 b5 34. axb5 cxb5
35. Bf1 Qxc3 36. Bxb5 Rd4 37. Qg3 Bxe4+ 38. Kh2 Qxb3 39. Bf1 a4 40. Nf5 Rd1 41.
Ba3 Bxf5 42. Qxb3 axb3 43. gxf5 e4 44. Kh1 Be5 45. Bc4 Rxg1+ 46. Kxg1 Nxh3+ 47.
Kf1 b2 48. Ba2 Nf4 49. Bb1 Nd3 50. f3 Bd4 51. fxe4 Ne5 52. Bb4 h5 53. Kg2 Kg7
54. Kg3 h4+ 55. Kh3 Kh6 56. Be7 Nc4 57. Bb4 Kh5 0-1

[Event "40th Olympiad Open"]
[Site "Istanbul TUR"]
[Date "2012.08.28"]
[Round "1.71"]
[Board "2"]
[White "Kobese, Watu"]
[Black "Bomo, Kigigha"]
[Result "0-1"]
[WhiteTitle "IM"]
[BlackTitle "CM"]
[WhiteElo "2363"]
[BlackElo "2046"]
[WhiteTeam "South Africa"]
[BlackTeam "Nigeria"]
[WhiteFideId "14300141"]
[BlackFideId "8500037"]
[EventDate "2012.08.28"]

1. e4 c5 2. Nf3 Nc6 3. d4 cxd4 4. Nxd4 Qb6 5. Nb3 Nf6 6. Nc3 e6 7. Bd3 a6 8. O-O
d6 9. a4 Be7 10. a5 Qc7 11. Be3 O-O 12. f4 Nd7 13. Na4 Nc5 14. Naxc5 dxc5 15.
Qe2 e5 16. f5 Nd4 17. Nxd4 cxd4 18. Bd2 Bd7 19. Qg4 Qd6 20. Ra3 Qf6 21. Rb3 Bc6
22. g3 Rfc8 23. h4 h6 24. Rf2 Rc7 25. Bb4 Bxb4 26. Rxb4 Qd6 27. Rb6 Qc5 28. b4
Qc3 29. Kg2 Kh8 30. f6 g6 31. Qf3 Rac8 32. Qe2 Kg8 33. h5 g5 34. Rf5 Re8 35. Rf2
Bd7 36. g4 Re6 37. b5 axb5 38. Rf5 Rxb6 39. axb6 Bxf5 40. exf5 Qc6+ 41. Kf2 Qxb6
42. Qxe5 Qc5 43. Qe8+ Qf8 44. Qxb5 Qd8 45. Qe5 Rc6 46. Qe7 Qb8 47. Kg2 Rc8 48.
Qe4 Re8 49. Qxd4 Qe5 50. Qd7 b6 51. Qc6 Qe3 52. Qf3 Qd4 53. Bb5 Re3 0-1